[Event "Memorijal Dragana Milicevica 2023"]
[Site "Sombor"]
[Date "2023.10.04"]
[Round "1.1"]
[White "Sasic, Miodrag"]
[Black "Kurcubic, Drago"]
[Result "0-1"]
[WhiteElo "1561"]
[BlackElo "2136"]
[PlyCount "56"]
[EventDate "2023.10.04"]

1. e4 c6 2. c4 d5 3. cxd5 cxd5 4. Bb5+ Bd7 5. Qa4 dxe4 6. Bxd7+ Qxd7 7. Qxe4
Nf6 8. Qf3 Nc6 9. Ne2 Ne5 10. Qg3 Nd3+ 11. Kd1 Ne4 12. Rf1 Nxg3 13. fxg3 e5 14.
Nbc3 Be7 15. Ne4 O-O 16. N2c3 Rac8 17. Ke2 f5 18. Nf2 e4 19. Nh3 Nxc1+ 20.
Raxc1 Qd3+ 21. Ke1 e3 22. Rd1 Bc5 23. Nf4 exd2+ 24. Rxd2 Rfe8+ 25. Nfe2 Rxe2+
26. Rxe2 Be3 27. Rf3 Qb1+ 28. Nd1 Qxd1+ 0-1

[Event "Memorijal Dragana Milicevica 2023"]
[Site "Sombor"]
[Date "2023.10.04"]
[Round "1.2"]
[White "Novakovic, Aleksandar"]
[Black "Stojakovic, Dusan"]
[Result "1-0"]
[WhiteElo "1992"]
[BlackElo "1558"]
[PlyCount "63"]
[EventDate "2023.10.04"]

1. e4 c5 2. c3 d5 3. exd5 Qxd5 4. d4 cxd4 5. Nf3 Nc6 6. cxd4 Bg4 7. Be2 Qd6 8.
Nc3 Nf6 9. O-O a6 10. d5 Nb4 11. h3 Bd7 12. Bc4 b5 13. Bb3 a5 14. a3 Na6 15.
Qe2 Nc7 16. Ne4 Nxe4 17. Qxe4 Qg6 18. Qxg6 hxg6 19. Bf4 a4 20. Ba2 Rc8 21. Ne5
Rh4 22. Bg3 Rh5 23. Rac1 f6 24. d6 fxe5 25. dxc7 e6 26. Rfd1 Be7 27. Bb1 Bh4
28. Bxg6+ Ke7 29. Bxh5 Bxg3 30. fxg3 e4 31. Re1 e3 32. Rxe3 1-0

[Event "Memorijal Dragana Milicevica 2023"]
[Site "Sombor"]
[Date "2023.10.04"]
[Round "1.3"]
[White "Djurosev, Djordje"]
[Black "Knezevic, Janko"]
[Result "1/2-1/2"]
[WhiteElo "1506"]
[BlackElo "1831"]
[PlyCount "37"]
[EventDate "2023.10.04"]

1. e4 c5 2. c3 d6 3. d4 cxd4 4. cxd4 e6 5. Nc3 a6 6. Nf3 h6 7. Be3 Nf6 8. h3
Be7 9. Bc4 b5 10. Bd3 Bb7 11. a3 Nbd7 12. Rc1 Rc8 13. Qd2 Nb6 14. O-O Nc4 15.
Qe2 Nxe3 16. Qxe3 O-O 17. Rfd1 Qb6 18. Bc2 Nd7 19. Qd3 1/2-1/2

[Event "Memorijal Dragana Milicevica 2023"]
[Site "Sombor"]
[Date "2023.10.04"]
[Round "1.4"]
[White "Pastrovic, Nenad"]
[Black "Kelic, Dusan"]
[Result "1-0"]
[WhiteElo "1792"]
[BlackElo "1488"]
[PlyCount "49"]
[EventDate "2023.10.04"]

1. e4 e5 2. Nf3 Nc6 3. Bc4 Nf6 4. d3 Be7 5. O-O d6 6. c3 O-O 7. Re1 a6 8. a4
Bd7 9. a5 Bg4 10. Nbd2 d5 11. exd5 Nxd5 12. Qb3 Nf4 13. Nxe5 Nxe5 14. Rxe5 Nxd3
15. Bxd3 Qxd3 16. Rxe7 Rae8 17. Qb4 Qc2 18. h3 Qd1+ 19. Kh2 Rd8 20. Qxg4 Rxd2
21. Bxd2 Qxd2 22. Qe2 Qd5 23. Re8 Qd6+ 24. Kg1 Qd5 25. Qe7 1-0

[Event "Memorijal Dragana Milicevica 2023"]
[Site "Sombor"]
[Date "2023.10.04"]
[Round "1.5"]
[White "Mitrovic, Nenad Dj"]
[Black "Mandaric, Petar"]
[Result "0-1"]
[WhiteElo "1327"]
[BlackElo "1776"]
[PlyCount "72"]
[EventDate "2023.10.04"]

1. c4 e5 2. a3 c6 3. Nc3 d5 4. Nf3 d4 5. Ne4 f5 6. Neg5 e4 7. d3 exf3 8. exf3
Be7 9. Qe2 Nf6 10. Ne6 Bxe6 11. Qxe6 Qd7 12. Qe2 O-O 13. Bf4 Re8 14. O-O-O Bxa3
15. Qd2 Bd6 16. Bg5 Qf7 17. h4 h6 18. Bf4 Qc7 19. Bxh6 gxh6 20. Qxh6 Qg7 21.
Qxg7+ Kxg7 22. g4 f4 23. g5 Nh5 24. Bh3 Na6 25. Bf5 Re5 26. Be4 Nc5 27. Rhe1
Nxe4 28. Rxe4 Rxe4 29. fxe4 Be5 30. Kd2 f3 31. Rh1 Kg6 32. Rh3 Rf8 33. Ke1 Nf4
34. Rxf3 Ng2+ 35. Ke2 Rxf3 36. Kxf3 Nxh4+ 0-1

[Event "Memorijal Dragana Milicevica 2023"]
[Site "Sombor"]
[Date "2023.10.04"]
[Round "1.6"]
[White "Popovic, Vojin"]
[Black "Kokai, Lea"]
[Result "1-0"]
[WhiteElo "1746"]
[BlackElo "1303"]
[PlyCount "89"]
[EventDate "2023.10.04"]

1. e4 e5 2. Nf3 Nc6 3. Bc4 Nf6 4. Ng5 d5 5. exd5 Na5 6. Bb5+ c6 7. dxc6 bxc6 8.
Bd3 Nd5 9. Nf3 Bd6 10. O-O O-O 11. Re1 Re8 12. Nc3 Kh8 13. a3 f5 14. b4 Nb7 15.
Bc4 Bc7 16. Bb2 e4 17. Nd4 c5 18. Nxd5 cxd4 19. Bxd4 Be6 20. Nxc7 Qxc7 21. Bxe6
Rxe6 22. d3 Rd8 23. Bxa7 Nd6 24. Bc5 Nf7 25. Qc1 Rh6 26. h3 Rg6 27. Be3 Qd7 28.
dxe4 fxe4 29. Kh1 Qf5 30. c4 Ne5 31. Rd1 Rf8 32. Rd5 Qh5 33. Qc3 Re8 34. Rad1
h6 35. Bf4 Rge6 36. g4 Qf7 37. Bxe5 Qxf2 38. Bxg7+ Kg8 39. Rf5 Qe2 40. Rdf1 Qa2
41. Rf8+ Kh7 42. Rxe8 Rxe8 43. Qf6 Qb3 44. Qxh6+ Kg8 45. Qh8# 1-0

[Event "Memorijal Dragana Milicevica 2023"]
[Site "Sombor"]
[Date "2023.10.04"]
[Round "1.7"]
[White "Ostrogonac, Goran"]
[Black "Gajcin, Sinisa"]
[Result "1/2-1/2"]
[WhiteElo "1200"]
[BlackElo "1715"]
[PlyCount "88"]
[EventDate "2023.10.04"]

1. d4 Nf6 2. c4 g6 3. Nc3 d5 4. cxd5 Nxd5 5. e4 Nxc3 6. bxc3 Bg7 7. Nf3 O-O 8.
Be2 c5 9. O-O Nc6 10. Be3 Qa5 11. Qb3 cxd4 12. cxd4 b6 13. Bb5 Nb4 14. Bc4 Nc6
15. Bd5 Bd7 16. Rac1 Rac8 17. Rfd1 e6 18. Bc4 Qh5 19. Be2 Rfd8 20. e5 Ne7 21.
Qa3 Nd5 22. Rxc8 Rxc8 23. Qxa7 Rc7 24. Qa3 Bf8 25. Qb2 Nc3 26. Re1 Nxe2+ 27.
Rxe2 b5 28. Rc2 Bc6 29. Qc1 Bxf3 30. Rxc7 Bd5 31. Rc8 Kg7 32. Rb8 Ba3 33. Bh6+
Qxh6 34. Rg8+ Kxg8 35. Qxh6 Bxa2 36. Qe3 b4 37. Qf3 Bd5 38. Qf6 b3 39. Qd8+ Bf8
40. Qb6 Kg7 41. Qd8 Kg8 42. Qb6 Be7 43. Kf1 Ba3 44. Qd8+ Kg7 1/2-1/2

[Event "Memorijal Dragana Milicevica 2023"]
[Site "Sombor"]
[Date "2023.10.06"]
[Round "2.1"]
[White "Kurcubic, Drago"]
[Black "Popovic, Vojin"]
[Result "1-0"]
[WhiteElo "2136"]
[BlackElo "1746"]
[PlyCount "37"]
[EventDate "2023.10.04"]

1. e4 d5 2. exd5 Qxd5 3. Nf3 Bg4 4. Be2 Nc6 5. d4 O-O-O 6. c4 Qf5 7. Be3 e5 8.
d5 Nb4 9. O-O Qc2 10. Nc3 f6 11. Rc1 Qxb2 12. Qa4 a6 13. Rfd1 Bf5 14. c5 Bc2
15. Rxc2 Nxc2 16. Rb1 Qxc3 17. Bxa6 bxa6 18. Qxa6+ Kd7 19. Qe6# 1-0

[Event "Memorijal Dragana Milicevica 2023"]
[Site "Sombor"]
[Date "2023.10.06"]
[Round "2.2"]
[White "Vujnovic, Igor"]
[Black "Novakovic, Aleksandar"]
[Result "1-0"]
[WhiteElo "1663"]
[BlackElo "1992"]
[PlyCount "45"]
[EventDate "2023.10.04"]

1. e4 e5 2. Nf3 Nf6 3. g3 d5 4. exd5 Nxd5 5. Bg2 c6 6. d3 Be6 7. Nc3 Nd7 8. O-O
Be7 9. Re1 Nxc3 10. bxc3 f6 11. d4 Bd6 12. dxe5 fxe5 13. Qxd6 Qe7 14. Qxe7+
Kxe7 15. Nxe5 Nb6 16. Bg5+ Kf8 17. Nxc6 Bxa2 18. Rxa2 bxc6 19. Bxc6 Rc8 20. Bb7
Rxc3 21. Rxa7 Kf7 22. Be3 Nc8 23. Bd5+ 1-0

[Event "Memorijal Dragana Milicevica 2023"]
[Site "Sombor"]
[Date "2023.10.06"]
[Round "2.4"]
[White "Mandaric, Petar"]
[Black "Grba, Ilija"]
[Result "1-0"]
[WhiteElo "1776"]
[BlackElo "1709"]
[PlyCount "57"]
[EventDate "2023.10.04"]

1. e4 c5 2. Nf3 Nc6 3. d4 cxd4 4. Nxd4 d6 5. Nc3 a6 6. Be3 g6 7. Bc4 Bg7 8. f3
Nf6 9. Qd2 Nd7 10. O-O-O Nxd4 11. Bxd4 O-O 12. g4 Ne5 13. Be2 Be6 14. h3 Bc4
15. f4 Bxe2 16. Qxe2 Nc6 17. Bxg7 Kxg7 18. e5 Qb8 19. exd6 exd6 20. Qd2 f6 21.
Nd5 h6 22. Nb6 Rf7 23. Nxa8 Qxa8 24. Qxd6 g5 25. fxg5 hxg5 26. h4 Ne5 27. hxg5
Qe8 28. Rde1 Qc6 29. gxf6+ 1-0

[Event "Memorijal Dragana Milicevica 2023"]
[Site "Sombor"]
[Date "2023.10.06"]
[Round "2.6"]
[White "Gajcin, Sinisa"]
[Black "Djurosev, Djordje"]
[Result "1-0"]
[WhiteElo "1715"]
[BlackElo "1506"]
[PlyCount "64"]
[EventDate "2023.10.04"]

1. c4 Nf6 2. Nc3 g6 3. g3 Bg7 4. Bg2 O-O 5. e3 d6 6. Nge2 c5 7. O-O Nc6 8. a3
Bg4 9. h3 Bd7 10. d3 Qc8 11. Kh2 Rb8 12. Rb1 a6 13. b4 cxb4 14. axb4 b5 15.
cxb5 axb5 16. d4 e6 17. Qd3 Ne7 18. e4 Ne8 19. Be3 Nc7 20. Rfc1 d5 21. Bf4 e5
22. dxe5 dxe4 23. Nxe4 Bf5 24. Qb3 Be6 25. Qb2 Bc4 26. Nd6 Qe6 27. Nd4 Qd7 28.
Nxc4 bxc4 29. Rxc4 Ncd5 30. Qc1 Rbc8 31. Rxc8 Rxc8 32. Qd2 Rc4 1-0

[Event "Memorijal Dragana Milicevica 2023"]
[Site "Sombor"]
[Date "2023.10.06"]
[Round "2.7"]
[White "Stojakovic, Dusan"]
[Black "Ostrogonac, Goran"]
[Result "1/2-1/2"]
[WhiteElo "1558"]
[BlackElo "1200"]
[PlyCount "72"]
[EventDate "2023.10.04"]

1. e4 e5 2. Nf3 Nc6 3. Bc4 Be7 4. d4 exd4 5. Nxd4 d6 6. Be3 Nf6 7. Nc3 Na5 8.
Be2 c5 9. Nf3 O-O 10. O-O Nc6 11. Nd2 d5 12. exd5 Nxd5 13. Nxd5 Qxd5 14. Bf3
Qe6 15. Re1 Qf6 16. c3 Ne5 17. Bd5 Rd8 18. Ne4 Qb6 19. Bxc5 Bxc5 20. Nxc5 Qxc5
21. Rxe5 Be6 22. c4 Rd6 23. Qf3 Rad8 24. Rae1 Qd4 25. b3 h6 26. h3 Bxd5 27.
cxd5 Rxd5 28. Re7 Rf8 29. Rxb7 Rd6 30. Rxf7 Rxf7 31. Re8+ Kh7 32. Qxf7 Rf6 33.
Qc4 Qxf2+ 34. Kh2 Qxa2 35. Qd3+ Rg6 36. Re2 Qa6 1/2-1/2

[Event "Memorijal Dragana Milicevica 2023"]
[Site "Sombor"]
[Date "2023.10.06"]
[Round "2.8"]
[White "Kokai, Lea"]
[Black "Horvat, Stipan"]
[Result "0-1"]
[WhiteElo "1303"]
[BlackElo "1594"]
[PlyCount "42"]
[EventDate "2023.10.04"]

1. e4 c6 2. d4 d5 3. Nc3 dxe4 4. Nxe4 Bf5 5. Ng3 Bg6 6. h4 h6 7. Nf3 Nf6 8. Bc4
Nbd7 9. c3 e6 10. O-O Be7 11. Be3 O-O 12. Nh2 Ne4 13. h5 Nxg3 14. fxg3 Be4 15.
Qg4 Bf5 16. Qf3 Nf6 17. g4 Be4 18. Qf4 Bd6 19. Qf2 Bxh2+ 20. Kh1 Nxg4 21. Qf4
Bxf4 0-1

[Event "Memorijal Dragana Milicevica 2023"]
[Site "Sombor"]
[Date "2023.10.09"]
[Round "3.1"]
[White "Mandaric, Petar"]
[Black "Kurcubic, Drago"]
[Result "1/2-1/2"]
[WhiteElo "1776"]
[BlackElo "2136"]
[PlyCount "113"]
[EventDate "2023.10.04"]

1. e4 c6 2. d4 d5 3. e5 Bf5 4. g4 Bd7 5. Be2 e6 6. h3 c5 7. c3 Nc6 8. Nf3 Nge7
9. Nbd2 Ng6 10. Nb3 cxd4 11. cxd4 Bb4+ 12. Kf1 Be7 13. Be3 b6 14. Nbd2 h6 15.
a3 O-O 16. Rc1 Rc8 17. b4 f6 18. Bd3 Qe8 19. Bxg6 Qxg6 20. Qc2 Qxc2 21. Rxc2
Nb8 22. Ra2 Rc1+ 23. Kg2 Rxh1 24. Kxh1 Rc8 25. Kg2 Ba4 26. Ra1 Rc3 27. Nf1 Nd7
28. Ng3 Kf7 29. h4 fxe5 30. Nxe5+ Nxe5 31. dxe5 Bxh4 32. Ne2 Rc4 33. Kf3 Bg5
34. Bxg5 hxg5 35. Rc1 Rxc1 36. Nxc1 Bd1+ 37. Kg3 Ke7 38. f4 gxf4+ 39. Kxf4 Kd7
40. Na2 Kc6 41. Nc3 Bc2 42. Ne2 Bd3 43. Nd4+ Kd7 44. Ke3 Bf1 45. Kf4 a5 46. Kg5
Bd3 47. Kf4 Ke7 48. bxa5 bxa5 49. Nc6+ Kd7 50. Nxa5 Bc2 51. Nb7 Kc6 52. Nd8+
Kd7 53. Nf7 d4 54. a4 Bxa4 55. Ke4 Ke7 56. Nd6 Bd1 57. g5 1/2-1/2

[Event "Memorijal Dragana Milicevica 2023"]
[Site "Sombor"]
[Date "2023.10.09"]
[Round "3.3"]
[White "Babac, Zoran"]
[Black "Gajcin, Sinisa"]
[Result "1/2-1/2"]
[WhiteElo "1646"]
[BlackElo "1715"]
[PlyCount "127"]
[EventDate "2023.10.04"]

1. b3 Nf6 2. Bb2 g6 3. Nf3 Bg7 4. g3 O-O 5. Bg2 c6 6. O-O d5 7. d3 a5 8. Nbd2
a4 9. bxa4 Qa5 10. c4 Rd8 11. Qc2 Nbd7 12. cxd5 cxd5 13. Rfc1 Nb6 14. Nb3 Qxa4
15. Qc7 Rd6 16. Qxe7 Bf8 17. Qe3 Re6 18. Qd2 Qe8 19. e3 Nbd7 20. Bd4 Rea6 21.
Nc5 Nxc5 22. Bxc5 Bg7 23. Bd4 Bf5 24. Nh4 Be6 25. Qb2 Qd7 26. Bxf6 Bxf6 27.
Qxf6 Rxa2 28. Rxa2 Rxa2 29. Qc3 Qa4 30. Nf3 Ra3 31. Qc2 Qa6 32. Bf1 b5 33. d4
Ra2 34. Qc5 Rb2 35. Rc2 Rb1 36. Kg2 Qa1 37. Bxb5 Bf5 38. Rd2 Be4 39. Qc8+ Kg7
40. Qg4 Rg1+ 41. Kh3 Bf5 42. Qxf5 gxf5 43. Nxg1 Qxg1 44. Rc2 h5 45. Rc5 Qxf2
46. Rxd5 Kg6 47. Bd3 Qxe3 48. Bxf5+ Kf6 49. Bd7 Qe4 50. Rxh5 Qxd4 51. Bf5 Qf2
52. Bg4 Qf1+ 53. Kh4 Qg2 54. h3 Ke7 55. Re5+ Kf8 56. Rf5 Kg7 57. Bh5 Qe4+ 58.
Rf4 Qe7+ 59. Kg4 Qe2+ 60. Kg5 Qe5+ 61. Kg4 f6 62. h4 Qe2+ 63. Rf3 Qe4+ 64. Rf4
1/2-1/2

[Event "Memorijal Dragana Milicevica 2023"]
[Site "Sombor"]
[Date "2023.10.09"]
[Round "3.5"]
[White "Ostrogonac, Goran"]
[Black "Knezevic, Janko"]
[Result "1/2-1/2"]
[WhiteElo "1200"]
[BlackElo "1831"]
[PlyCount "99"]
[EventDate "2023.10.04"]

1. d4 d5 2. c4 c6 3. Nc3 Nf6 4. Nf3 h6 5. Bf4 Nbd7 6. e3 e6 7. Bd3 Be7 8. Ne5
dxc4 9. Bxc4 Nb6 10. Bd3 Nbd5 11. Bg3 Qb6 12. Nc4 Qd8 13. Rc1 h5 14. Bh4 Bd7
15. O-O Ng4 16. Bg3 Bc8 17. h3 Ngf6 18. e4 Nb6 19. e5 Nfd5 20. Ne4 Nxc4 21.
Bxc4 Bd7 22. Be2 h4 23. Bh2 Qb6 24. b3 Ba3 25. Rc4 Ne7 26. Ra4 Nf5 27. Rxa3
Qxd4 28. Qxd4 Nxd4 29. Nd6+ Ke7 30. Bg4 b5 31. b4 f5 32. Bd1 g5 33. Rd3 c5 34.
bxc5 Nc6 35. Bb3 f4 36. Re1 Rhf8 37. Nxb5 Rf5 38. Rd6 Rc8 39. Nd4 Nxd4 40. Rxd4
Rxc5 41. g3 Rfxe5 42. Rxe5 Rxe5 43. Rd1 fxg3 44. fxg3 hxg3 45. Bxg3 Re3 46. Kf2
Rc3 47. Re1 a5 48. Re3 Rc5 49. Rd3 Rf5+ 50. Rf3 1/2-1/2

[Event "Memorijal Dragana Milicevica 2023"]
[Site "Sombor"]
[Date "2023.10.09"]
[Round "3.9"]
[White "Djurosev, Djordje"]
[Black "Stojakovic, Dusan"]
[Result "0-1"]
[WhiteElo "1506"]
[BlackElo "1558"]
[PlyCount "48"]
[EventDate "2023.10.04"]

1. e4 c5 2. c3 d5 3. exd5 Qxd5 4. d4 cxd4 5. cxd4 Nc6 6. Nf3 Nf6 7. Nc3 Qd6 8.
Be3 g6 9. a3 Nd5 10. Bc4 Nxe3 11. fxe3 a6 12. O-O Bh6 13. Qe2 O-O 14. Rad1 Bg4
15. h3 Bd7 16. Ne4 Qc7 17. Ne5 Nxe5 18. dxe5 Bc6 19. Bd3 Qxe5 20. Qc2 Rac8 21.
Nc3 Qxe3+ 22. Kh1 Qxh3+ 23. Kg1 Be3+ 24. Rf2 Qxg2# 0-1

[Event "Memorijal Dragana Milicevica 2023"]
[Site "Sombor"]
[Date "2023.10.09"]
[Round "3.10"]
[White "Sasic, Miodrag"]
[Black "Kokai, Lea"]
[Result "1-0"]
[WhiteElo "1561"]
[BlackElo "1303"]
[PlyCount "119"]
[EventDate "2023.10.04"]

1. e4 e5 2. d4 exd4 3. c3 dxc3 4. Bc4 Bc5 5. Qb3 Qe7 6. Nxc3 Nf6 7. Bg5 h6 8.
Bxf6 Qxf6 9. Nf3 O-O 10. O-O d6 11. Nd5 Qd8 12. Rac1 Nc6 13. Rfd1 Bb6 14. Nf4
Qf6 15. Nd5 Qg6 16. Nxb6 axb6 17. a3 Qxe4 18. Bd5 Qg6 19. Bxc6 bxc6 20. Rxc6
Bd7 21. Rxc7 Ba4 22. Qd3 Bxd1 23. Qxd1 Rac8 24. Rc1 Rxc1 25. Qxc1 Re8 26. h3
Re2 27. Qc8+ Kh7 28. Qc3 Qb1+ 29. Kh2 Rxf2 30. Qd4 Rxb2 31. Qxd6 Qf1 32. Qg3
Rb1 33. Qh4 Qh1+ 34. Kg3 Rb2 35. Qe4+ g6 36. Nd4 Qf1 37. Kh2 Qc4 38. Qf4 Qd5
39. Nf3 g5 40. Qf6 Rf2 41. Nxg5+ Qxg5 42. Qxf2 Qe5+ 43. g3 Qe6 44. h4 Qb3 45.
a4 Qxa4 46. Qxf7+ Kh8 47. Qf6+ Kg8 48. Qxb6 Qc2+ 49. Kg1 Qc1+ 50. Kg2 Qd2+ 51.
Qf2 Qd5+ 52. Kh2 Qe6 53. Qf3 Qa2+ 54. Kh3 Qe6+ 55. Qg4+ Qxg4+ 56. Kxg4 Kg7 57.
Kf5 Kf7 58. h5 Kg7 59. Ke6 Kh7 60. Kf6 1-0

[Event "Memorijal Dragana Milicevica 2023"]
[Site "Sombor"]
[Date "2023.10.11"]
[Round "4.1"]
[White "Kurcubic, Drago"]
[Black "Pastrovic, Nenad"]
[Result "1-0"]
[WhiteElo "2136"]
[BlackElo "1792"]
[PlyCount "71"]
[EventDate "2023.10.04"]

1. e4 d6 2. d4 Nf6 3. Nc3 e5 4. Nge2 Be7 5. g3 Bg4 6. Bg2 exd4 7. Qxd4 Nc6 8.
Qd2 Ne5 9. Qe3 Nc4 10. Qd4 Ne5 11. f4 Nf3+ 12. Bxf3 Bxf3 13. O-O Bxe2 14. Nxe2
h5 15. h3 Qd7 16. Kh2 h4 17. g4 c5 18. Qd3 O-O-O 19. c4 Rhe8 20. Nc3 Bf8 21.
Bd2 Qc6 22. Rae1 Re7 23. Rf2 Rde8 24. Rfe2 g6 25. Nb5 Kb8 26. Qxd6+ Qxd6 27.
Nxd6 Rd8 28. e5 Red7 29. Bc3 Ka8 30. Nxf7 Nxg4+ 31. hxg4 Rxf7 32. Rf1 Bh6 33.
f5 gxf5 34. gxf5 Rg7 35. e6 Bg5 36. Bxg7 1-0

[Event "Memorijal Dragana Milicevica 2023"]
[Site "Sombor"]
[Date "2023.10.11"]
[Round "4.2"]
[White "Vujnovic, Igor"]
[Black "Mandaric, Petar"]
[Result "0-1"]
[WhiteElo "1663"]
[BlackElo "1776"]
[PlyCount "104"]
[EventDate "2023.10.04"]

1. e4 e5 2. Nc3 Nc6 3. g3 Bc5 4. Bg2 a6 5. d3 h6 6. Nge2 d6 7. h3 Be6 8. O-O
Qd7 9. Kh2 O-O-O 10. Nd5 Nce7 11. c4 c6 12. Nxe7+ Nxe7 13. Qc2 f5 14. Rb1 Qc7
15. b4 Ba7 16. Be3 Bxe3 17. fxe3 fxe4 18. dxe4 b5 19. cxb5 cxb5 20. Rfc1 Qxc2
21. Rxc2+ Kb7 22. Rd1 Rd7 23. Rcd2 Rhd8 24. Nc3 Kb6 25. Nd5+ Bxd5 26. exd5 Nf5
27. Re1 Rc7 28. Rf2 Ne7 29. h4 Ng8 30. Ree2 Nf6 31. Bh3 Nxd5 32. a3 Nf6 33. Rc2
Rxc2 34. Rxc2 d5 35. Kg1 Ne4 36. Kh2 Nd6 37. Bg2 Nc4 38. Rc3 d4 39. exd4 exd4
40. Rd3 Ne5 41. Rd1 d3 42. Kg1 Nc4 43. Bf1 d2 44. Kf2 Nb2 45. Ke2 Nxd1 46. Kxd1
Rd4 47. Be2 Kc7 48. Kc2 Kd6 49. Kd1 Ke5 50. Bf3 Rd3 51. Bb7 Kd4 52. Bxa6 Ke3
0-1

[Event "Memorijal Dragana Milicevica 2023"]
[Site "Sombor"]
[Date "2023.10.11"]
[Round "4.3"]
[White "Gajcin, Sinisa"]
[Black "Novakovic, Aleksandar"]
[Result "1-0"]
[WhiteElo "1715"]
[BlackElo "1992"]
[PlyCount "99"]
[EventDate "2023.10.04"]

1. c4 Nf6 2. Nc3 g6 3. g3 d6 4. Bg2 Bg7 5. e3 O-O 6. Nf3 c6 7. O-O e5 8. Qc2
Be6 9. d3 Na6 10. a3 Rb8 11. Ng5 Bc8 12. Nge4 Nxe4 13. Nxe4 f5 14. Nc3 Be6 15.
b4 d5 16. c5 Nc7 17. Rb1 f4 18. exf4 d4 19. Ne4 Nb5 20. a4 Nc7 21. fxe5 Bxe5
22. Re1 Bd5 23. Bg5 Qd7 24. Qd2 Rbe8 25. Re2 Ne6 26. Bh6 Rf7 27. Rbe1 Ng7 28.
f4 Bc7 29. Bg5 Ref8 30. Bh6 Re8 31. Bxg7 Kxg7 32. Ng5 Rfe7 33. Bxd5 cxd5 34.
Qb2 Rxe2 35. Rxe2 Rxe2 36. Qxe2 Bd8 37. Qe6 Qe7 38. Qxe7+ Bxe7 39. Ne6+ Kf6 40.
Nxd4 a6 41. Kf2 a5 42. Nb3 Ke6 43. Kf3 Bd8 44. Ke3 Kf5 45. h3 h5 46. Kf3 Ke6
47. g4 Bf6 48. Ke3 Bd8 49. Kd2 d4 50. Nxa5 1-0

[Event "Memorijal Dragana Milicevica 2023"]
[Site "Sombor"]
[Date "2023.10.11"]
[Round "4.4"]
[White "Babac, Zoran"]
[Black "Popovic, Vojin"]
[Result "1/2-1/2"]
[WhiteElo "1646"]
[BlackElo "1746"]
[PlyCount "95"]
[EventDate "2023.10.04"]

1. b3 d5 2. Bb2 Nf6 3. Nf3 c6 4. g3 h6 5. d3 Bf5 6. Nbd2 e6 7. Bg2 Nbd7 8. O-O
Bc5 9. e4 dxe4 10. Nxe4 Be7 11. Re1 O-O 12. Qe2 Qb6 13. Nxf6+ Nxf6 14. Rad1 Nd5
15. Ne5 Rad8 16. Nc4 Qa6 17. a4 Bb4 18. Rf1 Nc3 19. Bxc3 Bxc3 20. Ne3 Bg6 21.
Qg4 Qa5 22. Nc4 Qc5 23. Qe2 Rfe8 24. Nd2 Bh5 25. Bf3 Bxf3 26. Nxf3 Qb4 27. Qe4
Rd5 28. Qxb4 Bxb4 29. c4 Rd6 30. d4 Red8 31. Rd3 c5 32. Rfd1 Kf8 33. Kf1 cxd4
34. Rxd4 Rxd4 35. Rxd4 Rxd4 36. Nxd4 Ke7 37. Nc2 Bc3 38. Ke2 a5 39. f3 Kd6 40.
Kd3 Bb2 41. Ne3 Kc5 42. Nc2 g5 43. g4 Kd6 44. Ke4 Ke7 45. Ne1 b6 46. h3 Kf6 47.
Nd3 Bc3 48. c5 1/2-1/2

[Event "Memorijal Dragana Milicevica 2023"]
[Site "Sombor"]
[Date "2023.10.11"]
[Round "4.5"]
[White "Knezevic, Janko"]
[Black "Grba, Ilija"]
[Result "1-0"]
[WhiteElo "1831"]
[BlackElo "1709"]
[PlyCount "75"]
[EventDate "2023.10.04"]

1. e4 c5 2. Nf3 Nc6 3. Bc4 e6 4. O-O g6 5. c3 Bg7 6. d4 cxd4 7. cxd4 Nge7 8.
Nc3 O-O 9. d5 Ne5 10. Nxe5 Bxe5 11. Bg5 f6 12. Bh6 Rf7 13. d6 Nc6 14. Be3 a6
15. f4 Bxc3 16. bxc3 b5 17. Be2 Bb7 18. Bf3 Na5 19. f5 exf5 20. exf5 Bxf3 21.
Rxf3 Nc4 22. Bf2 g5 23. Qd5 Kg7 24. Bd4 Rc8 25. Rg3 h6 26. h4 Qf8 27. hxg5 Qxd6
28. gxh6+ Kf8 29. Qf3 Ne5 30. Qh5 Ke7 31. Re1 Rh8 32. Qh4 Ke8 33. Rg6 Re7 34.
Rg7 Rxh6 35. Qxh6 Nf3+ 36. Kf2 Rxe1 37. Qh8+ Qf8 38. Rg8 1-0

[Event "Memorijal Dragana Milicevica 2023"]
[Site "Sombor"]
[Date "2023.10.11"]
[Round "4.7"]
[White "Kelic, Dusan"]
[Black "Horvat, Stipan"]
[Result "0-1"]
[WhiteElo "1488"]
[BlackElo "1594"]
[PlyCount "106"]
[EventDate "2023.10.04"]

1. e4 c6 2. d4 d5 3. e5 Bf5 4. Bd3 Bxd3 5. Qxd3 e6 6. Nf3 Be7 7. Nc3 Nd7 8. Bd2
Nb6 9. b3 h6 10. a4 a5 11. O-O Bb4 12. Na2 Bxd2 13. Qxd2 Ne7 14. Nc1 O-O 15.
Nd3 Nd7 16. Rfc1 Nf5 17. g4 Nh4 18. Nde1 c5 19. c3 Rc8 20. Qe3 b6 21. Nd3 Nxf3+
22. Qxf3 c4 23. bxc4 Rxc4 24. Nb2 Rc7 25. Qd3 Qg5 26. h3 f5 27. Qe3 Qxe3 28.
fxe3 fxg4 29. hxg4 Rf3 30. Re1 Rxc3 31. Nd1 Rc2 32. Rf1 Rg3+ 33. Kh1 Rgg2 34.
Rf4 g5 35. Rf3 Rh2+ 36. Kg1 Rcg2+ 37. Kf1 Rxg4 38. Nf2 Rgg2 39. Rc1 Rxf2+ 40.
Kg1 Rfg2+ 41. Kf1 Rh1+ 42. Kxg2 Rxc1 43. Rf2 Rc4 44. Ra2 Kg7 45. Kf3 Kg6 46.
Rh2 Rxa4 47. Rc2 Rc4 48. Rb2 h5 49. e4 Rc3+ 50. Kg2 dxe4 51. d5 Kf7 52. d6 Rc4
53. Rf2+ Kg6 0-1

[Event "Memorijal Dragana Milicevica 2023"]
[Site "Sombor"]
[Date "2023.10.13"]
[Round "5.1"]
[White "Mandaric, Petar"]
[Black "Gajcin, Sinisa"]
[Result "0-1"]
[WhiteElo "1776"]
[BlackElo "1715"]
[PlyCount "58"]
[EventDate "2023.10.04"]

1. e4 c5 2. Nf3 g6 3. d4 cxd4 4. Nxd4 Bg7 5. Be3 Nc6 6. Qd2 Nf6 7. f3 O-O 8.
Nc3 d5 9. O-O-O Nxd4 10. Bxd4 dxe4 11. fxe4 Qa5 12. Bd3 Rd8 13. Bxf6 Bxf6 14.
Kb1 Qb4 15. Rhf1 Bg7 16. a3 Qb6 17. Rde1 Be6 18. Nd1 Rac8 19. Qb4 Qc7 20. Qd2
a5 21. h3 Bc4 22. Rf3 Be6 23. g4 b5 24. Qe2 b4 25. a4 b3 26. c3 Bd7 27. Bb5
Bxb5 28. Qxb5 Rb8 29. Qf1 Qc6 0-1

[Event "Memorijal Dragana Milicevica 2023"]
[Site "Sombor"]
[Date "2023.10.13"]
[Round "5.2"]
[White "Horvat, Stipan"]
[Black "Kurcubic, Drago"]
[Result "0-1"]
[WhiteElo "1594"]
[BlackElo "2136"]
[PlyCount "54"]
[EventDate "2023.10.04"]

1. d4 Nf6 2. Nc3 d5 3. Bg5 c5 4. Bxf6 gxf6 5. e4 e5 6. Bb5+ Bd7 7. Bxd7+ Nxd7
8. Nxd5 cxd4 9. Ne2 f5 10. Qd3 Qa5+ 11. c3 fxe4 12. Qxe4 O-O-O 13. b4 f5 14.
bxa5 fxe4 15. cxd4 exd4 16. O-O d3 17. Nef4 Bd6 18. Ne6 Rde8 19. Rac1+ Kb8 20.
Ng5 Rhf8 21. Ne3 h6 22. Nh3 Ne5 23. Nc4 Nxc4 24. Rxc4 Rf5 25. a6 b6 26. Rc6 Bc5
27. Kh1 e3 0-1

[Event "Memorijal Dragana Milicevica 2023"]
[Site "Sombor"]
[Date "2023.10.13"]
[Round "5.4"]
[White "Pastrovic, Nenad"]
[Black "Babac, Zoran"]
[Result "1/2-1/2"]
[WhiteElo "1792"]
[BlackElo "1646"]
[PlyCount "53"]
[EventDate "2023.10.04"]

1. e4 g6 2. d4 Bg7 3. Nf3 d6 4. Bc4 Nf6 5. Nc3 O-O 6. O-O Nxe4 7. Nxe4 d5 8.
Bd3 dxe4 9. Bxe4 Nd7 10. c3 c6 11. a4 Nf6 12. Bd3 Bg4 13. h3 Bxf3 14. Qxf3 Qd5
15. Qe2 e6 16. Rd1 Qd7 17. Bf4 Nd5 18. Bh2 a5 19. h4 f5 20. Re1 Rae8 21. Be5
Bxe5 22. Qxe5 Qc7 23. Qxc7 Nxc7 24. Ra3 Nd5 25. Rb3 Rf7 26. Bc4 Rfe7 27. g3
1/2-1/2

[Event "Memorijal Dragana Milicevica 2023"]
[Site "Sombor"]
[Date "2023.10.13"]
[Round "5.5"]
[White "Grba, Ilija"]
[Black "Vujnovic, Igor"]
[Result "0-1"]
[WhiteElo "1709"]
[BlackElo "1663"]
[Annotator "Robert"]
[PlyCount "98"]
[EventDate "2023.10.04"]

1. d4 Nf6 2. Bf4 c5 3. c3 Qb6 4. Qc2 Nc6 5. e3 d6 6. Nd2 Nh5 7. Nc4 Qd8 8. Bg3
cxd4 9. exd4 Nxg3 10. hxg3 g6 11. Bd3 Bg7 12. Nf3 d5 13. Ne3 e5 14. dxe5 Nxe5
15. Nxe5 Bxe5 16. O-O-O Be6 17. Qb3 O-O 18. Qc2 Bg7 19. Nf5 Bxf5 20. Bxf5 Qg5+
21. Kb1 Qxf5 22. Rd2 Qxc2+ 23. Kxc2 Rad8 24. Rhd1 d4 25. cxd4 Rd5 26. Kc3 Rfd8
27. Kc4 h5 28. f3 b5+ 29. Kc3 a5 30. b3 Bf8 31. Rd3 Rc8+ 32. Kb2 Bg7 33. R1d2
b4 34. a3 Rcd8 35. axb4 axb4 36. Kc2 Rxd4 37. Rxd4 Rxd4 38. Rd3 Rxd3 39. Kxd3
f5 40. Ke3 Kf7 41. Kf4 Bf6 42. g4 hxg4 43. fxg4 fxg4 44. Kxg4 Ke6 45. Kf3 Kd5
46. Ke3 Bg5+ 47. Kd3 Ke5 48. Kc2 Kf4 49. Kb2 Ke3 0-1